Administrative Cities of Jakarta, by Population - Statistics

General Stats
  • This quiz has been taken 50 times
  • The average score is 6 of 6
Answer Stats
Population Answer % Correct
2,448,975 West Jakarta
100%
1,079,995 Central Jakarta
98%
3,083,883 East Jakarta
98%
1,793,550 North Jakarta
98%
2,244,623 South Jakarta
98%
28,925 Thousand Islands
64%
No matching quizzes found
Score Distribution
Percent of People with Each Score
Percentile by Number Answered
Your Score History
You have not taken this quiz